[Event "TCh-GEO Club 2016"]
[Site "Lagodekhi GEO"]
[Date "2016.09.23"]
[Round "2.4"]
[Board "2"]
[White "Sanikidze, Tornike"]
[Black "Khapava, Nikoloz"]
[Result "1-0"]
[WhiteTitle "GM"]
[WhiteElo "2497"]
[BlackElo "1622"]
[WhiteTeam "Kvemo Kartli - Rustavi"]
[BlackTeam "Imereti - Kutaisi"]
[WhiteFideId "13602608"]
[BlackFideId "13606956"]
[EventDate "2016.09.22"]

1. d4 Nf6 2. c4 e6 3. Nf3 d5 4. Nc3 Bb4 5. cxd5 exd5 6. Bg5 h6 7. Bh4 c5 8. e3
c4 9. Be2 O-O 10. Rc1 g5 11. Bg3 Ne4 12. Nd2 Nxc3 13. bxc3 Ba3 14. Rb1 a6 15. h4
Kg7 16. hxg5 hxg5 17. Bxc4 b5 18. Be5+ f6 19. Qh5 Bf5 20. Qxg5+ Bg6 21. Bd3 Kf7
22. Qxg6+ 1-0

[Event "TCh-GEO Club 2016"]
[Site "Lagodekhi GEO"]
[Date "2016.09.23"]
[Round "2.4"]
[Board "3"]
[White "Khvadagiani, Nika"]
[Black "Paichadze, Luka"]
[Result "0-1"]
[BlackTitle "GM"]
[WhiteElo "2029"]
[BlackElo "2559"]
[WhiteTeam "Imereti - Kutaisi"]
[BlackTeam "Kvemo Kartli - Rustavi"]
[WhiteFideId "13611453"]
[BlackFideId "13602934"]
[EventDate "2016.09.22"]

1. d4 Nf6 2. Nf3 e6 3. c4 Nc6 4. Nc3 Bb4 5. Bg5 h6 6. Bxf6 Qxf6 7. e3 d6 8. Bd3
e5 9. O-O Bxc3 10. bxc3 Bg4 11. Be2 O-O 12. Nd2 Bxe2 13. Qxe2 Qe7 14. d5 Nb8 15.
Rab1 b6 16. e4 Nd7 17. Qd3 a5 18. Qc2 a4 19. Nf3 Nc5 20. Ne1 Qg5 21. Nf3 Qf4 22.
Rbe1 f5 23. Nd2 Qg5 24. exf5 Rxf5 25. Ne4 Nxe4 26. Rxe4 Raf8 27. a3 Qg6 28. Qe2
Rf3 29. Re3 R3f4 30. f3 h5 31. g3 h4 32. g4 Qg5 33. Re4 h3 34. Kf2 Rxe4 35. Qxe4
Qd2+ 36. Qe2 Rxf3+ 37. Kxf3 Qf4# 0-1

[Event "TCh-GEO Club 2016"]
[Site "Lagodekhi GEO"]
[Date "2016.09.23"]
[Round "2.4"]
[Board "4"]
[White "Khurtsidze, Nino"]
[Black "Arabidze, Meri"]
[Result "1-0"]
[WhiteTitle "IM"]
[BlackTitle "IM"]
[WhiteElo "2398"]
[BlackElo "2374"]
[WhiteTeam "Kvemo Kartli - Rustavi"]
[BlackTeam "Imereti - Kutaisi"]
[WhiteFideId "13600320"]
[BlackFideId "13604040"]
[EventDate "2016.09.22"]

1. b4 d5 2. Bb2 Bg4 3. Nf3 Nf6 4. e3 Nbd7 5. Be2 e6 6. a3 Bd6 7. h3 Bxf3 8. Bxf3
c6 9. Be2 O-O 10. c4 a5 11. b5 cxb5 12. cxd5 Nxd5 13. Bxb5 Nc5 14. Nc3 Nxc3 15.
Bxc3 Ne4 16. Bb2 Qh4 17. O-O Rfd8 18. d3 Bf8 19. Qa4 Rd5 20. dxe4 Rg5 21. Kh2
Rd8 22. e5 Bb4 23. axb4 Rd2 24. Rad1 Qe4 25. Rg1 1-0

[Event "TCh-GEO Club 2016"]
[Site "Lagodekhi GEO"]
[Date "2016.09.23"]
[Round "2.4"]
[Board "5"]
[White "Kokaia, Guram"]
[Black "Bortnyk, Olexandr"]
[Result "0-1"]
[BlackTitle "GM"]
[WhiteElo "2101"]
[BlackElo "2588"]
[WhiteTeam "Imereti - Kutaisi"]
[BlackTeam "Kvemo Kartli - Rustavi"]
[WhiteFideId "13609599"]
[BlackFideId "14120828"]
[EventDate "2016.09.22"]

1. e4 g6 2. d4 Bg7 3. Nc3 d6 4. f4 a6 5. a4 Nc6 6. Be3 Nf6 7. Nf3 O-O 8. h3 Nh5
9. Ne2 e5 10. fxe5 dxe5 11. d5 Nd4 12. Nexd4 exd4 13. Bxd4 Re8 14. Bxg7 Rxe4+
15. Kf2 Kxg7 16. Qd3 Rf4 17. Rg1 Nf6 18. c4 Bf5 19. Qc3 Qd6 20. Re1 Qc5+ 21. Re3
Re8 22. b4 Rxe3 23. Qxf6+ Kxf6 24. bxc5 Ra3 25. Be2 Ra2 26. Kg3 g5 27. Bd1 Rb2 0-1

[Event "TCh-GEO Club 2016"]
[Site "Lagodekhi GEO"]
[Date "2016.09.23"]
[Round "2.4"]
[Board "6"]
[White "Shamatava, Ana"]
[Black "Jalaghonia, Nino"]
[Result "1/2-1/2"]
[BlackTitle "WFM"]
[WhiteElo "2066"]
[BlackElo "1902"]
[WhiteTeam "Kvemo Kartli - Rustavi"]
[BlackTeam "Imereti - Kutaisi"]
[WhiteFideId "13601008"]
[BlackFideId "13605895"]
[EventDate "2016.09.22"]

1. Nf3 c5 2. g3 Nc6 3. Bg2 g6 4. O-O Bg7 5. d3 d6 6. e4 e5 7. Nc3 Nge7 8. h3 h6
9. Nh2 O-O 10. Ng4 Kh7 11. Ne3 Be6 12. Ned5 f5 13. f4 Qd7 14. Kh2 Rab8 15. a4
Nb4 16. Be3 Bxd5 17. Nxd5 Nbxd5 18. exd5 exf4 19. Rxf4 Bxb2 20. Rb1 Bf6 21. c4
Rbe8 22. Qd2 g5 23. Rff1 Ng6 24. Bf2 b6 25. a5 bxa5 26. Qxa5 Rb8 27. Qa6 Be5 28.
Qc6 Qg7 29. Rfe1 Kh8 30. Kg1 f4 31. g4 Nh4 32. Bxh4 gxh4 33. Bf3 Rfc8 34. Qa6
Rd8 35. Kh1 Rf8 36. Qc6 Rfc8 37. Qa6 Rf8 38. Qc6 Rfc8 39. Qa6 Rd8 40. Qc6 Rdc8 1/2-1/2

[Event "TCh-GEO Club 2016"]
[Site "Lagodekhi GEO"]
[Date "2016.09.24"]
[Round "3.1"]
[Board "2"]
[White "Janjghava, Lasha"]
[Black "Sanikidze, Tornike"]
[Result "1/2-1/2"]
[WhiteTitle "GM"]
[BlackTitle "GM"]
[WhiteElo "2469"]
[BlackElo "2497"]
[WhiteTeam "Tbilisi"]
[BlackTeam "Kvemo Kartli - Rustavi"]
[WhiteFideId "13600087"]
[BlackFideId "13602608"]
[EventDate "2016.09.22"]
[EventType "team-tourn"]

1. d4 Nf6 2. c4 e6 3. Nf3 d5 4. Nc3 dxc4 5. e4 Bb4 6. Bg5 c5 7. Bxc4 cxd4 8.
Nxd4 Qa5 9. Bxf6 Bxc3+ 10. bxc3 Qxc3+ 11. Kf1 gxf6 12. Rc1 Qa5 13. h4 Ke7 14.
Rh3 Nc6 15. Nxc6+ bxc6 16. Rd3 Rd8 17. Rxd8 Qxd8 18. Qh5 Qd4 19. Kg1 Rb8 20. Bb3
Bd7 21. Qxh7 Qe5 22. Rd1 c5 23. Qh6 Rb4 24. Qd2 Rd4 25. Qa5 Ke8 26. Rxd4 Qxd4
27. Qxa7 Qxe4 28. Qxc5 Bc6 29. f3 Qe1+ 30. Kh2 Qxh4+ 31. Kg1 1/2-1/2

[Event "TCh-GEO Club 2016"]
[Site "Lagodekhi GEO"]
[Date "2016.09.24"]
[Round "3.1"]
[Board "3"]
[White "Paichadze, Luka"]
[Black "Sturua, Zurab"]
[Result "0-1"]
[WhiteTitle "GM"]
[BlackTitle "GM"]
[WhiteElo "2559"]
[BlackElo "2546"]
[WhiteTeam "Kvemo Kartli - Rustavi"]
[BlackTeam "Tbilisi"]
[WhiteFideId "13602934"]
[BlackFideId "13600095"]
[EventDate "2016.09.22"]
[EventType "team-tourn"]

1. e4 e5 2. Nc3 Nf6 3. g3 Nc6 4. Bg2 Bc5 5. Nge2 a6 6. O-O d6 7. a3 Be6 8. b4
Ba7 9. Bb2 h5 10. Nd5 h4 11. d4 Bg4 12. f3 Be6 13. f4 exd4 14. Qd3 Ng4 15. h3
Nge5 16. fxe5 Nxe5 17. Qd1 d3+ 18. Nd4 hxg3 19. Nf4 dxc2 20. Qxc2 Bc4 21. Kh1
Qd7 22. Rf3 g5 23. Nf5 gxf4 24. Bxe5 dxe5 25. Qxc4 O-O-O 26. Rff1 Qd2 27. h4
Rxh4+ 28. Nxh4 Rh8 29. Bh3+ Kb8 30. Qa2 g2+ 0-1

[Event "TCh-GEO Club 2016"]
[Site "Lagodekhi GEO"]
[Date "2016.09.24"]
[Round "3.1"]
[Board "4"]
[White "Gvetadze, Sofio"]
[Black "Khurtsidze, Nino"]
[Result "0-1"]
[WhiteTitle "IM"]
[BlackTitle "IM"]
[WhiteElo "2276"]
[BlackElo "2398"]
[WhiteTeam "Tbilisi"]
[BlackTeam "Kvemo Kartli - Rustavi"]
[WhiteFideId "13601440"]
[BlackFideId "13600320"]
[EventDate "2016.09.22"]
[EventType "team-tourn"]

1. e4 c5 2. Nf3 e6 3. c4 Nc6 4. Nc3 Nf6 5. Be2 a6 6. d4 cxd4 7. Nxd4 Qc7 8. Be3
Bb4 9. Nxc6 Qxc6 10. O-O d6 11. Qb3 Bc5 12. Bxc5 Qxc5 13. Rad1 O-O 14. Rd2 Bd7
15. Rfd1 Bc6 16. Rxd6 Nxe4 17. Nxe4 Bxe4 18. Bf3 Bxf3 19. Qxf3 Qxc4 20. Qxb7 h6
21. b3 Qc2 22. R6d2 Qc5 23. Rd7 Qc2 24. R7d2 Qc5 25. Rd7 a5 26. Rc7 Rad8 27. Rf1
Qf5 28. Rd7 Qc2 29. Qc7 Qxc7 30. Rxc7 Rd2 31. a4 Rb8 32. Rc5 Rd5 33. Rc3 Rb4 34.
g3 g5 35. Re1 Rbd4 36. Kg2 Rd2 37. g4 Rb2 38. Ree3 Kg7 39. Rc7 Rd4 40. Kg3 Rf4
41. Rxe6 Rfxf2 42. h3 Rg2+ 43. Kf3 Rh2 44. Ra6 Rxb3+ 45. Ke4 Rb4+ 46. Kd5 Rxa4
47. Rc3 Rha2 48. Rf3 R2a3 49. Rf5 Rf4 50. Rxf4 gxf4 51. Ke4 f3 52. Rb6 f2 53.
Rb1 a4 54. Rf1 Ra2 55. Kf3 a3 56. Kg2 Rb2 0-1

[Event "TCh-GEO Club 2016"]
[Site "Lagodekhi GEO"]
[Date "2016.09.24"]
[Round "3.1"]
[Board "5"]
[White "Bortnyk, Olexandr"]
[Black "Sibashvili, Giorgi"]
[Result "1/2-1/2"]
[WhiteTitle "GM"]
[BlackTitle "IM"]
[WhiteElo "2588"]
[BlackElo "2347"]
[WhiteTeam "Kvemo Kartli - Rustavi"]
[BlackTeam "Tbilisi"]
[WhiteFideId "14120828"]
[BlackFideId "13602799"]
[EventDate "2016.09.22"]
[EventType "team-tourn"]

1. c4 Nf6 2. Nc3 e5 3. g3 c6 4. Nf3 e4 5. Nd4 d5 6. Bg2 Bc5 7. Nc2 dxc4 8. O-O
O-O 9. Ne3 Qd4 10. b3 cxb3 11. Bb2 Na6 12. axb3 Qd8 13. Nxe4 Nxe4 14. Bxe4 Bh3
15. Re1 f5 16. Bf3 f4 17. Ng2 Qg5 18. d4 Bd6 19. Bc1 Qg6 20. Nh4 Qf6 21. e4 fxe3
22. Bxe3 Bb4 23. d5 Bxe1 24. Bd4 Qd6 25. Qxe1 Rxf3 26. Nxf3 Qxd5 27. Qe7 Qd7 28.
Re1 Rf8 29. Ng5 Qxd4 30. Nxh3 Nc5 31. Nf4 Nd3 32. Nxd3 Qxd3 33. Qe6+ Kh8 34. Qf7
Qd8 35. Qxb7 Qb6 36. Qf7 Qb8 37. Qe7 h6 38. Re6 Qd8 39. Qxd8 Rxd8 40. Rxc6 Rb8
41. Rc3 a5 42. Kg2 Rb4 43. f4 Kh7 44. Kf3 h5 45. f5 Kh6 46. h4 a4 47. bxa4 Rxa4
48. Rc6+ Kh7 49. Rg6 Rb4 50. Re6 Ra4 51. Re7 Kh6 52. Re4 Ra1 53. Re6+ Kh7 54.
Kf4 Rf1+ 55. Ke5 Re1+ 56. Kd6 Rf1 57. Ke5 Re1+ 58. Kf4 Rf1+ 59. Kg5 Rf3 60. g4
hxg4 61. Kxg4 Rf1 62. Re7 Rg1+ 63. Kf4 1/2-1/2

[Event "TCh-GEO Club 2016"]
[Site "Lagodekhi GEO"]
[Date "2016.09.24"]
[Round "3.1"]
[Board "6"]
[White "Choladze, Mariami"]
[Black "Shamatava, Ana"]
[Result "0-1"]
[WhiteTitle "WFM"]
[WhiteElo "2032"]
[BlackElo "2066"]
[WhiteTeam "Tbilisi"]
[BlackTeam "Kvemo Kartli - Rustavi"]
[WhiteFideId "13600931"]
[BlackFideId "13601008"]
[EventDate "2016.09.22"]
[EventType "team-tourn"]

1. e4 d6 2. d4 Nf6 3. Nc3 e5 4. Nf3 Nbd7 5. Bc4 Be7 6. O-O O-O 7. Re1 c6 8. a4
h6 9. a5 Qc7 10. d5 cxd5 11. Bxd5 Nc5 12. Be3 Ng4 13. Bxc5 Qxc5 14. Qe2 Rb8 15.
Nd2 Bd7 16. Nb3 Qc8 17. Red1 Kh8 18. h3 Nf6 19. Qe3 Nh5 20. a6 bxa6 21. Qe2 Nf4
22. Qxa6 Qe8 23. Qxa7 f5 24. Qe3 Bg5 25. Qg3 Qe7 26. Ra7 Rbd8 27. Qh2 fxe4 28.
Bxe4 Qf6 29. Rxd7 Rxd7 30. g3 Nxh3+ 31. Qxh3 Qxf2+ 32. Kh1 Rdf7 33. Nc1 Bxc1 34.
Rxc1 Qe3 35. Rd1 Rf4 36. Qg2 Rf2 37. Qg1 R8f5 38. Bg2 Rh5+ 39. Qh2 Qxg3 0-1

[Event "TCh-GEO Club 2016"]
[Site "Lagodekhi GEO"]
[Date "2016.09.24"]
[Round "3.2"]
[Board "1"]
[White "Volkov, Nika"]
[Black "Tutisani, Noe"]
[Result "1-0"]
[WhiteElo "2102"]
[BlackElo "2375"]
[WhiteTeam "Racha-Lechkhumi - Ambrolauri"]
[BlackTeam "Imereti - Kutaisi"]
[WhiteFideId "13604376"]
[BlackFideId "13602853"]
[EventDate "2016.09.22"]
[EventType "team-tourn"]

1. d4 Nf6 2. c4 c5 3. dxc5 Qa5+ 4. Nd2 e6 5. g3 Bxc5 6. Bg2 Nc6 7. Nh3 O-O 8.
O-O Qa6 9. a3 Be7 10. Rb1 d5 11. b4 Ne5 12. c5 Bd7 13. Bb2 Ng6 14. e4 Ba4 15.
Qc1 Rfd8 16. Re1 Rac8 17. exd5 Nxd5 18. Ne4 b6 19. Bd4 e5 20. Be3 Bb5 21. Bg5 f6
22. Be3 Nxe3 23. Rxe3 Bd3 24. Rb3 Bxe4 25. Bxe4 bxc5 26. b5 Qe6 27. Qf1 c4 28.
Rbc3 Bc5 29. Re2 Rd4 30. Kh1 Rcd8 31. Ng1 Bb6 32. Qb1 Nf8 33. Qb4 f5 34. Bc6 Nd7
35. Nf3 Rd1+ 36. Kg2 h6 37. Bxd7 R8xd7 38. Rxe5 Qf6 39. Qxc4+ Kh7 40. Re6 Qf8
41. Qe2 Rd8 42. a4 R1d6 43. Rc6 Rxe6 44. Rxe6 Qf7 45. a5 Bxa5 46. Re7 Qf6 47.
Rxa7 Bb6 48. Ra6 Rd6 49. Qe5 Qf8 50. Ra8 Qxa8 51. Qxd6 Qa7 52. Ne5 Bxf2 53. Qg6+
Kg8 54. Qxf5 Bc5 55. Qe6+ Kh7 56. h4 Qa8+ 57. Nf3 Qa3 58. Qe2 Qc3 59. h5 Be3 60.
b6 Qb3 61. b7 Ba7 62. Qe4+ Kg8 63. Ne5 Qa2+ 64. Kf3 Qf2+ 65. Kg4 Qb6 66. Qc4+
Kh7 67. Qc2+ Kg8 68. Qc8+ Kh7 69. Ng6 1-0

[Event "TCh-GEO Club 2016"]
[Site "Lagodekhi GEO"]
[Date "2016.09.24"]
[Round "3.2"]
[Board "2"]
[White "Khapava, Nikoloz"]
[Black "Petriashvili, Nikoloz"]
[Result "1-0"]
[WhiteElo "1622"]
[BlackElo "2167"]
[WhiteTeam "Imereti - Kutaisi"]
[BlackTeam "Racha-Lechkhumi - Ambrolauri"]
[WhiteFideId "13606956"]
[BlackFideId "13611216"]
[EventDate "2016.09.22"]
[EventType "team-tourn"]

1. Nf3 c5 2. g3 Nc6 3. Bg2 g6 4. c3 Qa5 5. O-O Bg7 6. d4 d6 7. dxc5 Qxc5 8. Nbd2
Nf6 9. Nb3 Qb6 10. Re1 O-O 11. e4 Bg4 12. Nbd4 Nd7 13. Nc2 Nde5 14. Ne3 Nxf3+
15. Bxf3 Bxf3 16. Qxf3 a5 17. a4 Ne5 18. Qe2 e6 19. Nc4 Nxc4 20. Qxc4 Rfd8 21.
Rd1 Rac8 22. Qb5 Qc6 23. Be3 Qxe4 24. Bb6 Re8 25. Rxd6 h5 26. h4 Ra8 27. Rad1
Bf6 28. Bxa5 Rec8 29. Bb4 Qg4 30. Qxb7 Rcb8 31. Qc6 Rc8 32. Qb5 Rcb8 33. Qd3
Rxa4 34. Qc2 Ra7 35. Bc5 Rc7 36. b4 Qc4 37. R6d3 Ra8 38. Qe2 Kh7 39. Qf3 1-0

[Event "TCh-GEO Club 2016"]
[Site "Lagodekhi GEO"]
[Date "2016.09.24"]
[Round "3.2"]
[Board "3"]
[White "Kacharava, Nikolozi"]
[Black "Khvadagiani, Nika"]
[Result "1-0"]
[WhiteTitle "FM"]
[WhiteElo "2085"]
[BlackElo "2029"]
[WhiteTeam "Racha-Lechkhumi - Ambrolauri"]
[BlackTeam "Imereti - Kutaisi"]
[WhiteFideId "13611860"]
[BlackFideId "13611453"]
[EventDate "2016.09.22"]
[EventType "team-tourn"]

1. e4 c5 2. Nf3 Nc6 3. d4 cxd4 4. Nxd4 Nf6 5. Nc3 d6 6. f3 e5 7. Nb3 Be6 8. Be3
Be7 9. Qd2 d5 10. exd5 Nxd5 11. Nxd5 Qxd5 12. Qxd5 Bxd5 13. O-O-O Rd8 14. Bb5 a6
15. Bb6 Rd7 16. Ba4 O-O 17. Na5 Bb4 18. Nxc6 bxc6 19. c4 Rb7 20. cxd5 Rxb6 21.
dxc6 Bc5 22. Rd7 Rb4 23. b3 Rc8 24. Rhd1 Bb6 25. Kb1 g6 26. a3 Rh4 27. Rb7 Rxa4
28. bxa4 Rxc6 29. Rdd7 Rf6 30. Re7 Bd4 31. Kc2 h5 32. Kd3 h4 33. h3 Kg7 34. a5
g5 35. Rec7 Bf2 36. Ke4 Be1 37. Rc5 Bg3 38. Rcc7 Rf4+ 39. Kd5 Be1 40. Rc6 Bxa5
41. Rxa6 Bc3 42. Rc6 Rd4+ 43. Kc5 Ra4 44. Kd5 Rd4+ 45. Kxe5 Rd7+ 46. Rxc3 Rxb7
47. Rc2 Rb5+ 48. Kd6 Kf6 49. a4 Rb1 50. Ra2 Rd1+ 51. Kc5 Ke6 52. a5 Rc1+ 53. Kd4
Rd1+ 54. Ke3 Rd7 55. a6 Ra7 56. Ra5 f5 57. Kd4 Kd7 58. Ke5 g4 59. Kxf5 gxh3 60.
gxh3 Kc7 61. Kg6 Kb6 62. Ra1 Kc5 63. f4 Kd5 64. f5 Kd6 65. f6 Kd7 66. f7 1-0

[Event "TCh-GEO Club 2016"]
[Site "Lagodekhi GEO"]
[Date "2016.09.24"]
[Round "3.2"]
[Board "4"]
[White "Arabidze, Meri"]
[Black "Gavasheli, Ana"]
[Result "1/2-1/2"]
[WhiteTitle "IM"]
[BlackTitle "WIM"]
[WhiteElo "2374"]
[BlackElo "2198"]
[WhiteTeam "Imereti - Kutaisi"]
[BlackTeam "Racha-Lechkhumi - Ambrolauri"]
[WhiteFideId "13604040"]
[BlackFideId "13602586"]
[EventDate "2016.09.22"]
[EventType "team-tourn"]

1. Nf3 d5 2. d4 e6 3. c4 Be7 4. Nc3 Nf6 5. Bf4 O-O 6. e3 b6 7. Rc1 c5 8. cxd5
exd5 9. dxc5 bxc5 10. Be2 Bb7 11. h3 Nbd7 12. O-O Rc8 13. Ne5 Nxe5 14. Bxe5 Nd7
15. Bf4 Nb6 16. Bf3 Ba6 17. Be2 Bb7 18. Bg4 Ra8 19. Bf3 Qd7 20. Qb3 d4 21. Bxb7
Qxb7 22. exd4 cxd4 23. Nb5 Bf6 24. Rc5 Qe4 25. Bc7 Nd7 26. Rcc1 a6 27. Nd6 Qe6
28. Qxe6 fxe6 29. Rfd1 e5 30. b4 Bh4 31. Rc2 Bd8 32. Bxd8 Raxd8 33. Ne4 Nf6 34.
Nxf6+ Rxf6 35. f3 Rd5 36. a4 Kf7 37. Rc4 h5 38. h4 Rf4 39. Rd3 Rf6 40. Kf2 Rb6
41. Rd2 Kg6 42. Ke2 Kf5 43. Kd3 Rd7 44. Re2 Rd5 45. Rb2 g6 46. Rc8 Kf4 47. Rf8+
Kg3 48. Ke4 Rd7 49. Kxe5 d3 50. Rd2 Kxh4 51. Rf4+ Kg3 52. Rc4 Rbd6 53. Rc5 Rd4
54. Rc6 R7d5+ 55. Kf6 Kf4 56. Kxg6 Ke3 57. Rd1 Rd6+ 58. Rxd6 Rxd6+ 59. Kxh5 Ke2
60. Ra1 Rd4 61. b5 axb5 62. axb5 Rd5+ 63. Kg6 Rxb5 64. f4 d2 65. f5 Rb4 66. Kg5
Ra4 67. Rb1 Rb4 68. Ra1 Ra4 69. Rh1 Rc4 70. Ra1 Ra4 71. Rb1 Rb4 72. Ra1 Ra4 1/2-1/2

[Event "TCh-GEO Club 2016"]
[Site "Lagodekhi GEO"]
[Date "2016.09.24"]
[Round "3.2"]
[Board "5"]
[White "Metreveli, Lekso"]
[Black "Kokaia, Guram"]
[Result "0-1"]
[WhiteElo "1655"]
[BlackElo "2101"]
[WhiteTeam "Racha-Lechkhumi - Ambrolauri"]
[BlackTeam "Imereti - Kutaisi"]
[WhiteFideId "13618130"]
[BlackFideId "13609599"]
[EventDate "2016.09.22"]
[EventType "team-tourn"]

1. d4 Nf6 2. c4 e6 3. Nf3 b6 4. g3 Ba6 5. Qc2 Bb7 6. Bg2 c5 7. O-O cxd4 8. Nxd4
Bxg2 9. Kxg2 Be7 10. e4 Qc7 11. Qe2 d6 12. Nc3 O-O 13. b3 Nbd7 14. Bb2 Rfe8 15.
Rfe1 a6 16. f4 Qb7 17. Qf3 h5 18. Rad1 Qc7 19. Re2 Rac8 20. Red2 Red8 21. Qe2
Qb7 22. Nf3 Nc5 23. Ng5 Nfxe4 24. Ngxe4 f5 25. Qxh5 fxe4 26. Re2 Bf6 27. Qg4 Qf7
28. Ba1 Bxc3 29. Bxc3 Rc7 30. h4 d5 31. h5 Rcd7 32. cxd5 exd5 33. Bd4 Kh7 34. f5
Rd6 35. Rf1 Rf6 0-1

[Event "TCh-GEO Club 2016"]
[Site "Lagodekhi GEO"]
[Date "2016.09.24"]
[Round "3.2"]
[Board "6"]
[White "Jalaghonia, Nino"]
[Black "Sidamonidze, Anastasia"]
[Result "1/2-1/2"]
[WhiteTitle "WFM"]
[WhiteElo "1902"]
[BlackElo "1652"]
[WhiteTeam "Imereti - Kutaisi"]
[BlackTeam "Racha-Lechkhumi - Ambrolauri"]
[WhiteFideId "13605895"]
[BlackFideId "13611194"]
[EventDate "2016.09.22"]
[EventType "team-tourn"]

1. e4 e5 2. Nf3 Nc6 3. Bb5 a6 4. Bxc6 dxc6 5. O-O Bg4 6. h3 h5 7. d3 Qf6 8. Nbd2
Bd6 9. b3 Ne7 10. Nc4 Bxf3 11. Qxf3 Qxf3 12. gxf3 Ng6 13. c3 O-O-O 14. d4 Nh4
15. Nxe5 Bxe5 16. dxe5 Nxf3+ 17. Kg2 Nxe5 18. Be3 Rd3 19. c4 Rhd8 20. Rg1 f6 21.
Kf1 g5 22. Ke2 Ng6 23. Rg3 R3d6 24. c5 Re6 25. f3 Re5 26. Rc1 Rd7 27. Rc4 Re8
28. f4 Nxf4+ 29. Bxf4 gxf4 30. Rf3 Rg8 31. Rxf4 Rg2+ 32. Ke3 Rg3+ 33. Kf2 Rxh3
34. Kg2 Re3 35. Kf2 Rh3 36. Kg2 Rhd3 37. Rxf6 Rd2+ 38. Kf3 Rxa2 39. e5 Rad2 40.
e6 Re7 41. Rh4 Rd5 42. Rb4 a5 43. Rf8+ Rd8 44. Rxd8+ Kxd8 45. Rxb7 Rxe6 46. Ra7
Rh6 47. Kg3 h4+ 48. Kh3 Kd7 49. Rxa5 Ke6 50. b4 Kd5 51. Ra7 Rh7 52. Rb7 Kc4 53.
Rb8 Kc3 54. Rb7 Kb3 55. Rb8 Ka4 56. Rb7 Kb3 57. Rb8 Rd7 58. Rb7 Ka4 59. Kh2 Rd2+
60. Kh3 Rd3+ 61. Kh2 Rd7 62. Kh3 Re7 63. Kh2 Re6 64. Kh3 Rg6 65. Kxh4 Re6 66.
Kg5 Re4 67. Rxc7 Kxb4 1/2-1/2

[Event "TCh-GEO Club 2016"]
[Site "Lagodekhi GEO"]
[Date "2016.09.24"]
[Round "3.3"]
[Board "1"]
[White "Jojua, Davit"]
[Black "Baghdasaryan, Vahe"]
[Result "1-0"]
[WhiteTitle "GM"]
[BlackTitle "IM"]
[WhiteElo "2590"]
[BlackElo "2492"]
[WhiteTeam "Adchara - Nona"]
[BlackTeam "Samegrelo-Zemo Svaneti - Samegrelo"]
[WhiteFideId "13602543"]
[BlackFideId "13303139"]
[EventDate "2016.09.22"]
[EventType "team-tourn"]

1. d4 d5 2. c4 c6 3. cxd5 cxd5 4. Bf4 Nf6 5. Nc3 Nc6 6. e3 a6 7. Be2 Bf5 8. g4
Bg6 9. h4 h5 10. g5 Ne4 11. Nxe4 Bxe4 12. f3 Bf5 13. Bd3 Bxd3 14. Qxd3 Rc8 15.
Kf2 Nb4 16. Qb3 e5 17. dxe5 d4 18. Rd1 d3 19. Nh3 Rc2+ 20. Kg3 Bc5 21. Rh2 Qa5
22. a3 Rxh2 23. Kxh2 Nc6 24. Qxd3 O-O 25. g6 Be7 26. gxf7+ Rxf7 27. Ng5 Bxg5 28.
hxg5 Qb6 29. g6 Re7 30. Qd5+ Kf8 31. Bg5 Qxb2+ 32. Kh1 Qxe5 33. Bxe7+ Qxe7 34.
Qxh5 Qf6 35. Rd7 Ke8 36. Rf7 Qa1+ 37. Kg2 Ne7 38. Qh8+ Kd7 39. Qxg7 Qxa3 40.
Qd4+ Ke8 41. Qe5 Qb4 42. Rxe7+ Qxe7 43. Qb8+ Kd7 44. Qxb7+ Ke6 45. Qxe7+ Kxe7
46. Kf2 1-0

[Event "TCh-GEO Club 2016"]
[Site "Lagodekhi GEO"]
[Date "2016.09.24"]
[Round "3.3"]
[Board "2"]
[White "Quparadze, Giga"]
[Black "Maghalashvili, Davit"]
[Result "1/2-1/2"]
[WhiteTitle "IM"]
[BlackTitle "GM"]
[WhiteElo "2482"]
[BlackElo "2490"]
[WhiteTeam "Samegrelo-Zemo Svaneti - Samegrelo"]
[BlackTeam "Adchara - Nona"]
[WhiteFideId "13602250"]
[BlackFideId "13602276"]
[EventDate "2016.09.22"]
[EventType "team-tourn"]

1. e4 c5 2. Nf3 Nc6 3. Bb5 d6 4. O-O Bd7 5. Re1 Nf6 6. c3 a6 7. Bf1 Bg4 8. h3
Bxf3 9. Qxf3 g6 10. Qd1 Bh6 11. b3 O-O 12. Bb2 e5 13. Na3 d5 14. exd5 Nxd5 15.
Nc4 Qc7 16. a4 Rad8 17. a5 Rfe8 18. Qc2 Bg7 19. g3 h5 20. h4 f5 21. Bg2 Nf6 22.
d3 Ng4 23. Bc1 Kh7 24. Bg5 Rd7 25. Nb6 Rf7 26. Nd5 Qd6 27. Re2 Ref8 28. Ne3 Nxe3
29. Rxe3 f4 30. Re4 fxg3 31. fxg3 Rf2 32. Qd1 Bh6 33. Bxh6 Kxh6 34. Re2 R2f7 35.
Qd2+ Kh7 36. Qe3 e4 37. Bxe4 Ne5 38. Qg5 Nf3+ 39. Bxf3 Rxf3 40. Re3 R8f5 41.
Qe7+ Qxe7 42. Rxe7+ Kh6 43. Kh2 Rxd3 44. Rxb7 Rf2+ 45. Kh3 Rxc3 46. Rb6 Rff3 47.
Rg1 Rxb3 48. Rxa6 Ra3 49. Ra7 c4 50. Rc7 Rxa5 51. Rxc4 1/2-1/2

[Event "TCh-GEO Club 2016"]
[Site "Lagodekhi GEO"]
[Date "2016.09.24"]
[Round "3.3"]
[Board "3"]
[White "Shanava, Konstantine"]
[Black "Morchiashvili, Bachana"]
[Result "1/2-1/2"]
[WhiteTitle "GM"]
[BlackTitle "IM"]
[WhiteElo "2545"]
[BlackElo "2371"]
[WhiteTeam "Adchara - Nona"]
[BlackTeam "Samegrelo-Zemo Svaneti - Samegrelo"]
[WhiteFideId "13601784"]
[BlackFideId "13602535"]
[EventDate "2016.09.22"]
[EventType "team-tourn"]

1. e4 c5 2. Nc3 d6 3. g3 g6 4. Bg2 Bg7 5. d3 Nc6 6. f4 e6 7. Nf3 Nge7 8. O-O O-O
9. Be3 Nd4 10. Bf2 Bd7 11. Qd2 Qa5 12. a3 Nxf3+ 13. Bxf3 Nc6 14. Bg2 Nd4 15.
Rae1 Nb5 16. e5 Nxc3 17. Qxc3 Qxc3 18. bxc3 Rab8 19. c4 Rfc8 20. exd6 Bf8 21. a4
Bxa4 22. Ra1 b5 23. cxb5 Bxb5 24. c4 Be8 25. Rxa7 Bxd6 26. Rfa1 Kf8 27. Bf3 Be7
28. R1a5 Rb1+ 29. Kg2 Rb2 30. Ra2 Rcb8 31. Kh3 1/2-1/2

[Event "TCh-GEO Club 2016"]
[Site "Lagodekhi GEO"]
[Date "2016.09.24"]
[Round "3.3"]
[Board "4"]
[White "Lomineishvili, Maia"]
[Black "Melia, Salome"]
[Result "1/2-1/2"]
[WhiteTitle "IM"]
[BlackTitle "IM"]
[WhiteElo "2321"]
[BlackElo "2419"]
[WhiteTeam "Samegrelo-Zemo Svaneti - Samegrelo"]
[BlackTeam "Adchara - Nona"]
[WhiteFideId "13600656"]
[BlackFideId "13602446"]
[EventDate "2016.09.22"]
[EventType "team-tourn"]

1. d4 d5 2. c4 e6 3. Nc3 Be7 4. Nf3 Nf6 5. Bf4 O-O 6. e3 c5 7. dxc5 Bxc5 8. Qc2
Nc6 9. a3 Qa5 10. O-O-O Ne4 11. Nxe4 dxe4 12. Qxe4 Bxa3 13. bxa3 Qxa3+ 14. Kb1
Qb3+ 15. Kc1 Qa3+ 16. Kb1 Qb3+ 17. Kc1 Qa3+ 1/2-1/2